|
|
|
|
| LEADER |
00000nam0a2200000 4500 |
| 001 |
46855 |
| 005 |
20231031025113.0 |
| 035 |
|
|
|a (RuTPU)RU\TPU\book\48914
|
| 090 |
|
|
|a 46855
|
| 100 |
|
|
|a 20030128d1966 k y0rusy50 ca
|
| 101 |
0 |
|
|a rus
|
| 102 |
|
|
|a RU
|
| 105 |
|
|
|a a z 001zy
|
| 200 |
1 |
|
|a Введение в молекулярную биологию
|f С. Е. Бреслер
|
| 205 |
|
|
|a 2-е изд., перераб.
|
| 210 |
|
|
|a Москва
|c Наука
|d 1966
|a Ленинград
|
| 215 |
|
|
|a 514 с.
|c ил.
|
| 320 |
|
|
|a Библиогр.: с. 497-506.
|
| 320 |
|
|
|a Предм. указ.: с. 507-512.
|
| 610 |
1 |
|
|a химия
|
| 610 |
1 |
|
|a молекулярная биология
|
| 610 |
1 |
|
|a белки
|
| 610 |
1 |
|
|a нуклеиновые кислоты
|
| 610 |
1 |
|
|a днк
|
| 610 |
1 |
|
|a рнк
|
| 675 |
|
|
|a 547-9
|v 3
|
| 675 |
|
|
|a 57.04
|v 3
|
| 700 |
|
1 |
|a Бреслер
|b С. Е.
|g Семен Ефимович
|
| 712 |
0 |
2 |
|a Академия наук СССР (АН СССР)
|b Институт высокомолекулярных соединений (ИВС)
|2 stltpush
|3 (RuTPU)RU\TPU\col\13925
|
| 801 |
|
1 |
|a RU
|b 63413507
|c 20030128
|g PSBO
|
| 801 |
|
2 |
|a RU
|b 63413507
|c 20130131
|g PSBO
|
| 942 |
|
|
|c BK
|